| 000 | 00616nam a2200193 a 4500 | ||
|---|---|---|---|
| 005 | 20221117063539.0 | ||
| 008 | 060802s1988 mx r 000 0 spa d | ||
| 020 | _a9688376760 | ||
| 035 | _aUPN01000145878 | ||
| 049 | _aCG | ||
| 050 | 4 |
_aLE7.2931 U2.2 _bE6.2 |
|
| 245 | 0 | 0 |
_aEn busca de una mejor universidad / _ccomp. periodística por Martha del Río Grimm. |
| 260 |
_aMéxico : _bUNAM, Secretaría General Auxiliar, _c1988. |
||
| 300 | _a197 p. | ||
| 440 | 0 | _aTestimonios | |
| 610 | 2 | 4 |
_aUniversidad Nacional Autónoma de México _xHistoria _94433 |
| 700 | 1 |
_aRío Grimm, Martha del, _ecomp. |
|
| 905 | _aLibro | ||
| 999 |
_c118024 _d118024 |
||